Formulario Médico Daimon (Record no. 117580)

MARC details
000 -LEADER
campo de control de longitud fija 00694nam a2200193 i 4500
001 - NÚMERO DE CONTROL
campo de control 117580
003 - IDENTIFICADOR DE NÚMERO DE CONTROL
campo de control ES-MaACL
005 - FECHA Y HORA DE LA ÚLTIMA TRANSACCIÓN
campo de control 20250801063034.0
007 - CAMPO FIJO DE DESCRIPCIÓN FÍSICA--INFORMACIÓN GENERAL
campo de control de longitud fija t|
008 - DATOS DE LONGITUD FIJA--INFORMACIÓN GENERAL
campo de control de longitud fija 070214s1956 sp r ||||1| spa d
100 1# - ENTRADA PRINCIPAL--NOMBRE DE PERSONA
Nombre de persona Pedro Pons, A.,
Fechas asociadas al nombre 1898-1971
9 (RLIN) 89929
245 10 - MENCIÓN DEL TÍTULO
Título Formulario Médico Daimon
Resto del título : guía y formulario de terapáutica clínica /
Mención de responsabilidad, etc. dirigido por los profesores A. Pedro Pons y Máximo Soriano Jiménez.
260 ## - PUBLICACIÓN, DISTRIBUCIÓN, ETC.
Lugar de publicación, distribución, etc. Barcelona :
Nombre del editor, distribuidor, etc. Daimon,
Fecha de publicación, distribución, etc. 1956.
300 ## - DESCRIPCIÓN FÍSICA
Extensión XXXVIII, 1016 p. ;
Dimensiones 24 cm.
650 #4 - PUNTO DE ACCESO ADICIONAL DE MATERIA--TÉRMINO DE MATERIA
Término de materia o nombre geográfico como elemento de entrada Medicamentos-
Subdivisión de forma Catálogos.
9 (RLIN) 166536
700 1# - ENTRADA AGREGADA--NOMBRE PERSONAL
Nombre de persona Soriano Jiménez, Máximo,
Fechas asociadas al nombre 1903-1978
9 (RLIN) 107395
852 ## - LOCALIZACIÓN
Ubicación ES-MaACL
Número de control de estantería B-4689
Sublocalización o colección R.38557
Holdings
Estatus retirado Estado de pérdida Estado de daño No para préstamo Biblioteca de origen Biblioteca actual Ubicación en estantería Fecha de adquisición Fuente de adquisición Total de préstamos Signatura topográfica completa Código de barras Visto por última vez Precio de reemplazo Tipo de ítem Koha
        Biblioteca del Ateneo de Madrid Biblioteca del Ateneo de Madrid Sala Pardo Bazán 17/01/2008     B-4689 1122585 23/02/2023 23/02/2023 Libro impreso